Agriculture and the environment : issues and policies.
Disimpan dalam:
| Pengarang-pengarang Korporat: | , , |
|---|---|
| Format: | Buku |
| Bahasa: | English |
| Diterbitkan: |
Paris :
Organisation for Economic Co-operation and Development,
c1998.
|
| Subjek-subjek: | |
| Penanda-penanda: |
Tambah Penanda
Tiada Penanda, Jadilah orang pertama menanda rekod ini!
|
| LEADER | 01587nam a2200313Ia 4500 | ||
|---|---|---|---|
| 001 | 007783250-7 | ||
| 005 | 20020606104010.5 | ||
| 008 | 980317s1998 fr a b i000 0 eng d | ||
| 020 | |a 9264160485 (pbk.) : |c 50.00F | ||
| 035 | 0 | |a ocm38734694 | |
| 040 | |a YSM |c YSM |d KSG | ||
| 050 | 0 | 0 | |a HD1918 |b .A378 1998 |
| 090 | |a HD1918 |b .A34 1998 | ||
| 245 | 0 | 0 | |a Agriculture and the environment : |b issues and policies. |
| 260 | |a Paris : |b Organisation for Economic Co-operation and Development, |c c1998. | ||
| 300 | |a 37 p. : |b ill. ; |c 23 cm. | ||
| 500 | |a A synthesis of the main analytical results and policy conclusions of the work carried out by the Joint Working Party of the Committee for Agriculture and the Environmental Policy Committee of OECD. | ||
| 504 | |a Includes bibliographical references (p. 37). | ||
| 650 | 0 | |a Agriculture and state |z OECD countries. | |
| 650 | 0 | |a Agriculture and state |x Environmental aspects |z OECD countries. | |
| 650 | 0 | |a Environmental policy |z OECD countries. | |
| 650 | 0 | |a Rural development |x Government policy |z OECD countries. | |
| 710 | 2 | |a Organisation for Economic Co-operation and Development. |b Committee for Agriculture. | |
| 710 | 2 | |a Organisation for Economic Co-operation and Development. |b Environmental Policy Committee. | |
| 775 | 0 | |t L'agriculture et l'environnement : enjeux et stratǵies | |
| 710 | 2 | |a Organisation for Economic Co-operation and Development. | |
| 776 | 0 | 8 | |i Online version: |t Agriculture and the environment. |d Paris : Organisation for Economic Co-operation and Development, ©1998 |w (OCoLC)654590958 |
| 988 | |a 20020608 | ||
| 906 | |0 OCLC | ||


